000
00316nam a2200133Ia 4500
008
191201s2007 xx 000 0 und d
082
_a
005.1
_b
FAS
100
_a
FAIRLEY, Richard
245
0
_a
Software Engineering Concepts
260
_a
N.Delhi
_b
TMH
_c
2007
300
_a
-
650
_a
B.Tech(IT)
942
_2
ddc
_c
BK
999
_c
2945
_d
2945